000 00322nam a2200145Ia 4500
005 20241026120208.0
008 241026s9999 xx 000 0 und d
082 _bSal
100 _aSalil Agarwal
245 2 _aA Chapter Out Of My Life
260 _bAhemadabad, Express
260 _c2020
300 _a143
942 _cDB
999 _c8730
_d8730